Йерусалим (Запис номер 111455)
[ съкратено ]
| 000 -Лидер | |
|---|---|
| Контролно поле с фиксирана дължина | 01692nam a2200421 c 4500 |
| 003 - Код на организацията, давaща контролен номер | |
| Контролно поле | BLK |
| 005 - Дата и час на последна редакция | |
| Контролно поле | 20240219115905.0 |
| 008 - Елементи от данни с фиксирана дължина | |
| fixed length control field | 180409b bul|||||r ||||||| ||bul|| |
| 010 ## - Наследен системен номер | |
| LC control number | KNG00116800000 |
| 020 ## - Международен стандартен номер на книга ISBN | |
| Международен стандартен номер на книга ISBN | 954-320-015-7 |
| -- | издат.: Рива |
| 040 ## - Източник на каталожния запис | |
| Идентификатор на билиотеката - собственик на записа | BLK |
| 041 ## - Код за език | |
| Код за езика на текст/звукозапис или на отделно заглавие | Български |
| Код за езика КДБФ | Български |
| 080 ## - УДК | |
| Текстов определител УДК | Краезнание |
| УДК код - определител по УДК | 908 |
| УДК определител | (569.4-21) |
| УДК - код + определител | 908(569.4-21) |
| 080 ## - УДК | |
| Текстов определител УДК | История на Израел |
| УДК код - определител по УДК | 956.94 |
| УДК определител | |
| УДК - код + определител | 956.94 |
| 100 1# - Редна дума - Автор | |
| Автор | Питърс, Франсис Е. |
| Авторска отговорност | първи автор |
| R(LIN) | 284034 |
| 139 ## - Редно поле | |
| Редна дума | Питърс, Франсис Е. |
| Авторски знак | Пит - П 56 |
| 245 10 - Сведения за заглавието | |
| Заглавие | Йерусалим |
| Подзаглавни данни | Свещеният град през погледа на летописци, посетители, поклонници и пророци от дните на Авраам до началото на съвременната епоха |
| Редно поле (дума) | Франсис Е. Питърс; прев. Любомир Николов. |
| 257 ## - Страна на издаване | |
| Страна на създаване/издаване | Съединени американски щати |
| 260 ## - Област на издателските данни | |
| -- | София |
| Име на издателя, разпространителя и проч. | Рива |
| Година на издаване | 2004 |
| Печатница | В. Търново : Абагар |
| 300 ## - Физическа характеристика | |
| Страници | 704 с. |
| Илюстрации и др. | със сн. |
| Размери/Мащаб | 24 см |
| 380 ## - Жанр | |
| Жанр | История |
| 500 ## - Общи забележки | |
| Забележка | Библиогр. с. 678-704 |
| 504 ## - Забележка за наличие на библиография и др | |
| Забележка за наличие на библиография и под. | 678-704 |
| 650 #4 - Допълнително описание по предмет – тема | |
| Основно описание – тема или топоним | Йерусалим |
| 9 (RLIN) | 158012 |
| 650 #4 - Допълнително описание по предмет – тема | |
| Основно описание – тема или топоним | Градове - Израел |
| 9 (RLIN) | 290873 |
| 650 #4 - Допълнително описание по предмет – тема | |
| Основно описание – тема или топоним | Израел - история |
| 9 (RLIN) | 245386 |
| 653 ## - Ключова дума – ненормативна | |
| Ключова дума | Йерусалим |
| 653 ## - Ключова дума – ненормативна | |
| Ключова дума | градове |
| 653 ## - Ключова дума – ненормативна | |
| Ключова дума | история |
| 653 ## - Ключова дума – ненормативна | |
| Ключова дума | Израел |
| 700 ## - Други автори (авторска отговорност) | |
| Лично име | Николов, Любомир Славов, 1950 - |
| 9 (RLIN) | 242031 |
| 852 ## - Местоположение | |
| Форматна сигнатура | Цб 222130 |
| 856 4# - Електронен адрес и достъп | |
| Електронен формат | pdf - файл |
| Път до файла /url/ | |
| 856 4# - Електронен адрес и достъп | |
| Електронен формат | pdf - файл |
| Път до файла /url/ | |
| 942 ## - АРТИКУЛИ | |
| Вид на библиотечния материал | Книги |
| Скрит в OPAC | Не |
| Koha issues (borrowed), all copies | 8 |
| 944 ## - СЪЗДАВАНЕ И РЕДАКЦИЯ на ЗАПИСА | |
| Създаване/Редакция | Създаване |
| Дата на регистрацията/редакция | 03.01.2005 |
| Служител, извършил регистрацията/редакцията | 30529 |
| Статус, дата на статуса | Диана Гривева |
| 944 ## - СЪЗДАВАНЕ И РЕДАКЦИЯ на ЗАПИСА | |
| Създаване/Редакция | Редакция |
| Дата на регистрацията/редакция | 15.06.2010 |
| Служител, извършил регистрацията/редакцията | |
| 999 ## - СИСТЕМНИ КОНТРОЛНИ НОМЕРА | |
| Koha biblionumber | 111455 |
| Koha biblioitemnumber | 111455 |
| Код за отписване | Код за изгубен артикул | Източник на класификационната схема | Код за повреда | Коз за рестрикции | Код за отдаване | Артикулен № | Име на библиотеката - собственик | Име на библиотеката, в която се намира в момента | Статус (Текущо местоположение) | Дата на вписване в системата | Местоположение - отдел | Цена в лева | Инвентарен номер | Систематично азбучна сигнатура | Баркод | Номер на екземпляра | Цена в евро | Служебна бележка | Служебен тип на артикула |
|---|---|---|---|---|---|---|---|---|---|---|---|---|---|---|---|---|---|---|---|
| Не е изгубен | Universal Decimal Classification | Не е повреден | без рестрикции | заемане за дома | 178981 | Регионална библиотека "Любен Каравелов" Русе | Регионална библиотека "Любен Каравелов" Русе | Заемна - подръчен фонд | 2004-12-30 | Заемна - подръчен фонд | 20.00 | 120000690894 | П 908/П 56 | 120000690894 | 1 | 10.23 | Дост: Pk Вид: Ф N: 8897 Дата: 29.12.2004 Дата инв: 07.02.2018 Бележки инв: П2018 | Книги | |
| Не е изгубен | Не е повреден | без рестрикции | ползва се в читалня | 178982 | Регионална библиотека "Любен Каравелов" Русе | Регионална библиотека "Любен Каравелов" Русе | Хранилище | 2006-01-25 | Хранилище | 20.00 | 120000699617 | Цб 222130 | 120000699617 | 2 | 10.23 | Дост: Dp Вид: Д N: 3 Дата: 05.01.2005 | Книги |